• 首页
  • 本馆介绍
  • 公告通知
  • 最新文献
  • 馆藏检索
  • 电子资源
  • 读者导购
  • 参考咨询
  • 我的图书馆
  • 登录
  • 详细信息显示
  • 放入我的书架
  • 预约/预借图书
  • 作者相关作品
  • 分类相关作品
  • 丛书相关作品
  • 出版社相关作品

书目信息

  • 表格格式
  • 工作单格式
  • 卡片格式
题名:
西方文化史论
    
 
作者: 高福进 著
分册:  
出版信息: 上海   上海交通大学出版社  2001
页数: 242页
开本: 22cm
丛书名: 大学文化素质教育丛书
单 册:
中图分类: K103
科图分类:
主题词: 文化史--研究--西方国家
电子资源:
ISBN: 7-313-02704-4
000 00760nam2 2200229 45
001 0406010988
005 20040601095342.1
010    @a7-313-02704-4@dCNY14.00
100    @a20040601d2001 km y0chiy0120 ea
101 0  @achi
105    @a z 000yy
200 1  @a西方文化史论@AXi Fang Wen Hua Shi Lun@f高福进著@FGao Fu Jin Zhu
210    @a上海@c上海交通大学出版社@d2001
215    @a242页@d22cm
225    @a大学文化素质教育丛书@f大学文化素质教育丛书编委会编
410    @12001 @a大学文化素质教育丛书
410    @1700 0@a大学文化素质教育丛书编委会@ADa Xue Wen Hua Su Zhi Jiao Yu Cong Shu Bian Wei Hui@4编
606 0  @a文化史@x研究@y西方国家
690    @aK103@v4
701  0 @a高福进@4著
801    @aCN@bTSTC@c20040601
905    @b334079-083@dK103@e104@f5
    
    西方文化史论/高福进著.-上海:上海交通大学出版社,2001
    242页;22cm.-(大学文化素质教育丛书/大学文化素质教育丛书编委会编)
    
    
    ISBN 7-313-02704-4:CNY14.00
    
●
相关链接 在E读中查询图书 在五车中查询图书 在当当中查询图书 在豆瓣中查询图书


正题名:西方文化史论     索取号:K103/104         预约/预借

序号 登录号 条形码 馆藏地/架位号 状态 备注
1 0334079   203340795   第二借阅区/ [索取号:K103/104] 在馆    
2 0334080   203340802   第二借阅区/ [索取号:K103/104] 在馆    
3 0334081   203340811   第二借阅区/ [索取号:K103/104] 在馆    
4 0334082   203340820   第二借阅区/ [索取号:K103/104] 在馆    
5 0334083   203340839   第二样本阅览室/ [索取号:K103/104] 在馆    
唐山师范学院图书馆 欢迎您!
大连网信软件有限公司© 版权所有